[Event "Asian Cities-chT"]
[Site "Dhaka"]
[Date "2019.07.13"]
[Round "4.4"]
[White "Shrestha, Sujendra Prasad"]
[Black "Wasif, Zenobia"]
[Result "1-0"]
[WhiteElo "1853"]
[BlackElo "1587"]
[PlyCount "70"]
[EventDate "2019.07.10"]
[EventType "team-swiss"]
[EventRounds "9"]
[EventCountry "BAN"]
[SourceTitle "EXT 2020"]
[Source "ChessBase"]
[SourceDate "2019.10.17"]
[SourceVersion "1"]
[SourceVersionDate "2019.10.17"]
[SourceQuality "1"]
[WhiteTeam "Kathmandu"]
[BlackTeam "Pakpattan City"]
[WhiteTeamCountry "NEP"]
[BlackTeamCountry "PAK"]

1. Nf3 Nf6 2. d3 g6 3. e4 d6 4. Nc3 Bg7 5. g3 Nc6 6. Bg2 0-0 7. 0-0 e5 8. h3 Be6 9. Be3 Ne7 10. Qd2 c5 11. Bh6 Nc6 12. Bxg7 Kxg7 13. Ng5 Nd4 14. f4 h6 15. Nf3 Nh5 16. Nxd4 cxd4 17. Ne2 f5 18. Kh2 Nf6 19. exf5 Bxf5 20. g4 Bd7 21. Ng3 Nh7 22. Be4 Bc6 23. f5 Bxe4 24. dxe4 Qh4 25. Qf2 Nf6 26. Nh5+ Nxh5 27. Qxh4 Nf4 28. Rxf4 exf4 29. Qe7+ Rf7 30. Qxd6 Rc8 31. Qxd4+ Kh7 32. c3 g5 33. e5 Rff8 34. Rd1 Kg8 35. f6 Kf7 1-0

[Event "Kathmandu op"]
[Site "Kathmandu"]
[Date "2018.04.14"]
[Round "3"]
[White "Adhikari, Kripa"]
[Black "Shrestha, Sujendra Prasad"]
[Result "0-1"]
[WhiteElo "1417"]
[BlackElo "1883"]
[PlyCount "63"]
[EventDate "2018.04.13"]
[EventType "swiss"]
[EventRounds "9"]
[EventCountry "NEP"]
[SourceTitle "CBM 183 Extra"]
[Source "ChessBase"]
[SourceDate "2018.04.19"]
[SourceVersion "1"]
[SourceVersionDate "2018.04.19"]
[SourceQuality "1"]

1. d4 c5 2. Bf4 e6 3. e3 d5 4. c3 Nc6 5. Nf3 Qb6 6. Qb3 Bd7 7. Nbd2 c4 8. Qc2 Nge7 9. Ne5 Nxe5 10. dxe5 Ng6 11. Bg3 Be7 12. Nf3 Qc7 13. e4 Bc6 14. exd5 Bxd5 15. Be2 b5 16. 0-0 0-0 17. Rfe1 a5 18. a3 Rab8 19. h4 Bxf3 20. Bxf3 Bxh4 21. Bxh4 Nxh4 22. Be4 Ng6 23. Bxg6 hxg6 24. Red1 Rfd8 25. Rxd8+ Rxd8 26. a4 Rd5 27. axb5 Rxb5 28. Qe2 Rd5 29. f4 Rd3 30. Kh2 Qd8 31. g3 Rd2 32. Kh3 0-1

[Event "Kathmandu op"]
[Site "Kathmandu"]
[Date "2018.04.13"]
[Round "2"]
[White "Shrestha, Sujendra Prasad"]
[Black "Sriram, Jha"]
[Result "0-1"]
[WhiteElo "1883"]
[BlackElo "2392"]
[PlyCount "106"]
[EventDate "2018.04.13"]
[EventType "swiss"]
[EventRounds "9"]
[EventCountry "NEP"]
[SourceTitle "CBM 183 Extra"]
[Source "ChessBase"]
[SourceDate "2018.04.19"]
[SourceVersion "1"]
[SourceVersionDate "2018.04.19"]
[SourceQuality "1"]

1. e4 c5 2. Nf3 Nc6 3. d4 cxd4 4. Nxd4 Nf6 5. Nc3 d6 6. f3 e6 7. Be3 a6 8. Be2 Qc7 9. Qd2 Be7 10. Nb3 b5 11. Bd3 Bb7 12. 0-0 0-0 13. Qf2 Rac8 14. Rac1 Rfe8 15. Kh1 Ne5 16. Ne2 Nc4 17. Bd4 e5 18. Bc3 d5 19. exd5 Nxd5 20. Ng3 Nxc3 21. bxc3 Nd6 22. Nd2 Bh4 23. Nde4 Bxe4 24. fxe4 Qxc3 25. Qf3 Bxg3 26. Qxg3 Re6 27. Rf3 Qd2 28. Rcf1 Rg6 29. Qh3 Rc7 30. R1f2 Qh6 31. Qxh6 Rxh6 32. h3 Re6 33. g4 Kf8 34. Kg2 Rc3 35. Rf1 Ra3 36. Ra1 Ke7 37. Be2 Ra4 38. Rc3 Kd7 39. Rd1 g5 40. Rd5 Rxa2 41. Bd3 Ra4 42. Rcc5 Rb4 43. c3 Rb2+ 44. Kg3 h6 45. h4 Rb3 46. hxg5 hxg5 47. Kf3 Rh6 48. Kg3 f6 49. Bc2 Rb2 50. Rd2 Rh7 51. Rcd5 Kc7 52. Rxd6 Rxc2 53. R2d3 Rch2 0-1

[Event "Olympiad-41"]
[Site "Tromsoe"]
[Date "2014.08.05"]
[Round "4.2"]
[White "Luxama, Jacques Muller"]
[Black "Shrestha, Sujendra Prasad"]
[Result "0-1"]
[WhiteElo "1893"]
[BlackElo "1930"]
[PlyCount "108"]
[EventDate "2014.08.02"]
[EventType "team-swiss"]
[EventRounds "11"]
[EventCountry "NOR"]
[SourceTitle "CBM 162"]
[Source "ChessBase"]
[SourceDate "2014.09.17"]
[SourceVersion "1"]
[SourceVersionDate "2014.09.17"]
[SourceQuality "1"]
[WhiteTeam "Haiti"]
[BlackTeam "Nepal"]
[WhiteTeamCountry "HAI"]
[BlackTeamCountry "NEP"]

1. e4 e6 2. d4 d5 3. Nc3 Bb4 4. e5 c5 5. a3 cxd4 6. Qxd4 Nc6 7. Bb5 Ba5 8. b4 Bb6 9. Qg4 g6 10. Nf3 Bd7 11. Bd2 Qc7 12. Qf4 h6 13. 0-0 g5 14. Qg3 Nge7 15. Bd3 a6 16. b5 Nd4 17. bxa6 bxa6 18. Rab1 Nxf3+ 19. Qxf3 Bd4 20. Ne2 Bxe5 21. Qh5 Bf6 22. f4 Nf5 23. c3 Rc8 24. Kh1 Ng7 25. Qf3 g4 26. Qxg4 e5 27. f5 a5 28. Bb5 Kf8 29. a4 Rd8 30. Bc1 h5 31. Ba3+ Kg8 32. Qg3 h4 33. Qg4 Rh5 34. Bxd7 Qxd7 35. Rb5 Rxf5 36. Rxf5 Qxf5 37. Qxf5 Nxf5 38. Rxa5 Ne3 39. Ra6 Kg7 40. Bc5 Nc4 41. Kg1 Rc8 42. Bf2 Rb8 43. Ba7 Rb2 44. Kf2 Ra2 45. Ke1 Bg5 46. Bc5 Nb2 47. Kf1 Ra1+ 48. Kf2 Nd3+ 49. Kf3 Nxc5 50. Ra5 f5 51. g4 Ne4 52. Kg2 Ra2 53. Kf1 fxg4 54. Rxd5 Ra1+ 0-1

[Event "Olympiad-41"]
[Site "Tromsoe"]
[Date "2014.08.02"]
[Round "1.1"]
[White "Predojevic, Borki"]
[Black "Shrestha, Sujendra Prasad"]
[Result "1-0"]
[WhiteElo "2604"]
[BlackElo "1930"]
[PlyCount "63"]
[EventDate "2014.08.02"]
[EventType "team-swiss"]
[EventRounds "11"]
[EventCountry "NOR"]
[SourceTitle "CBM 162"]
[Source "ChessBase"]
[SourceDate "2014.09.17"]
[SourceVersion "1"]
[SourceVersionDate "2014.09.17"]
[SourceQuality "1"]
[WhiteTeam "Bosnia&Herzegovina"]
[BlackTeam "Nepal"]
[WhiteTeamCountry "BIH"]
[BlackTeamCountry "NEP"]

1. c4 c5 2. g3 Nf6 3. Bg2 g6 4. Nc3 Nc6 5. Nf3 Bg7 6. 0-0 0-0 7. d4 d6 8. d5 Nb8 9. Qc2 Nbd7 10. e4 a6 11. a4 Ng4 12. h3 Nge5 13. Nd2 Nb6 14. b3 a5 15. f4 Ned7 16. Bb2 e5 17. dxe6 fxe6 18. Nb5 Nf6 19. Rad1 Qe7 20. Nxd6 Qxd6 21. e5 Qe7 22. exf6 Bxf6 23. Bxf6 Rxf6 24. Rfe1 Rf5 25. Ne4 Qc7 26. Qc3 e5 27. Nd6 Bd7 28. fxe5 Be6 29. Nxf5 gxf5 30. Rd6 Kf7 31. Qf3 Nc8 32. Qh5+ 1-0

[Event "New Delhi Parsvnath op 11th"]
[Site "New Delhi"]
[Date "2013.01.07"]
[Round "4"]
[White "Karthikeyan, Pandian"]
[Black "Shrestha, Sujendra Prasad"]
[Result "1-0"]
[WhiteElo "2424"]
[BlackElo "1978"]
[PlyCount "106"]
[EventDate "2013.01.05"]
[EventType "swiss"]
[EventRounds "11"]
[EventCountry "IND"]
[SourceTitle "EXT 2014"]
[Source "ChessBase"]
[SourceDate "2013.11.20"]
[SourceVersion "1"]
[SourceVersionDate "2013.11.20"]
[SourceQuality "1"]

1. Nf3 d5 2. c4 c6 3. d4 Nf6 4. Qb3 Qb6 5. Qc2 Bg4 6. e3 Nbd7 7. Nbd2 e6 8. Bd3 Bh5 9. 0-0 Bg6 10. e4 dxe4 11. Nxe4 Nxe4 12. Bxe4 Nf6 13. Bxg6 hxg6 14. Bf4 Be7 15. Rad1 0-0 16. Rd3 Rad8 17. Rfd1 Qa5 18. Qb3 Qf5 19. Bg3 b6 20. Ne5 Rc8 21. Qa4 c5 22. Qxa7 Rfe8 23. Qb7 Rb8 24. Qf3 cxd4 25. Nc6 Qxf3 26. gxf3 Rbc8 27. Nxe7+ Rxe7 28. Rxd4 Ree8 29. f4 Kh7 30. b3 Rc5 31. a4 g5 32. fxg5 Rxg5 33. f4 Rf5 34. Re1 Kg6 35. Rd6 Rb8 36. Kg2 Rb7 37. Kf3 Ne8 38. Rd8 Nf6 39. Rh8 Rd7 40. Bh4 Nh7 41. Rg1+ Kh6 42. Bg5+ Kg6 43. Bd8+ Kh6 44. Rg3 Rh5 45. Bxb6 Rd3+ 46. Ke4 Rd2 47. Be3 f5+ 48. Ke5 Rd3 49. a5 Rxh2 50. a6 g5 51. a7 Ra2 52. a8Q Rxa8 53. Rxa8 Kg7 1-0

[Event "New Delhi Parsvnath op 10th"]
[Site "New Delhi"]
[Date "2012.01.21"]
[Round "9"]
[White "Shrestha, Sujendra Prasad"]
[Black "Kiran, Manisha Mohanty"]
[Result "1-0"]
[WhiteElo "2052"]
[BlackElo "2210"]
[PlyCount "82"]
[EventDate "2012.01.15"]
[EventType "swiss"]
[EventRounds "11"]
[EventCountry "IND"]
[SourceTitle "CBM 146 Extra"]
[Source "ChessBase"]
[SourceDate "2012.02.29"]
[SourceVersion "1"]
[SourceVersionDate "2012.02.29"]
[SourceQuality "1"]

1. d4 Nf6 2. c4 g6 3. Nc3 d5 4. Nf3 Bg7 5. h3 0-0 6. Bg5 Ne4 7. Bf4 Nxc3 8. bxc3 dxc4 9. e4 b5 10. Be2 c5 11. 0-0 Bb7 12. e5 cxd4 13. Nxd4 a6 14. Qc1 Nc6 15. Rd1 Qc8 16. Qe3 Rd8 17. Bg4 e6 18. Bg5 Nxd4 19. cxd4 Rd7 20. h4 Bd5 21. h5 Qf8 22. Rac1 b4 23. Bf3 c3 24. h6 Bh8 25. a3 a5 26. Be2 Rc7 27. Bf3 Rd7 28. Be2 Qc8 29. Qf4 Qf8 30. Bf3 Rc8 31. Bxd5 Rxd5 32. Rd3 Bxe5 33. Qh4 Bh8 34. Be7 Qe8 35. axb4 Rh5 36. Qxh5 Qxe7 37. Qxa5 c2 38. Rd2 Rd8 39. Rdxc2 f5 40. Qc7 Qg5 41. b5 Ra8 1-0

[Event "Asia Cities-ch 16th"]
[Site "Beirut"]
[Date "2009.04.18"]
[Round "4.7"]
[White "Mohamed, Ahmed Al Rais"]
[Black "Shrestha, Sujendra Prasad"]
[Result "0-1"]
[WhiteElo "1943"]
[BlackElo "2064"]
[PlyCount "82"]
[EventDate "2009.04.16"]
[EventType "team-swiss"]
[EventRounds "9"]
[EventCountry "LBN"]
[SourceTitle "EXT 2020"]
[Source "ChessBase"]
[SourceDate "2019.10.17"]
[SourceVersion "1"]
[SourceVersionDate "2019.10.17"]
[SourceQuality "1"]
[WhiteTeam "Dubai"]
[BlackTeam "Kathmandu"]
[WhiteTeamCountry "UAE"]
[BlackTeamCountry "NEP"]

1. d4 c5 2. e3 cxd4 3. exd4 d5 4. Nf3 Nf6 5. c4 Nc6 6. Nc3 Bg4 7. Be2 e6 8. 0-0 dxc4 9. Be3 Bd6 10. h3 Bh5 11. Qa4 0-0 12. Qxc4 a6 13. Rac1 Rc8 14. Qb3 b5 15. Qd1 Bb8 16. a3 Qd6 17. g3 Rfd8 18. Bf4 Qd7 19. Ne5 Bxe2 20. Nxe2 Bxe5 21. dxe5 Nd5 22. Nc3 Nxf4 23. gxf4 Qe7 24. Qg4 Rd4 25. Qf3 Rc4 26. Kh2 Nd4 27. Qe3 Nf5 28. Qf3 Nh4 29. Qe3 h6 30. Ne2 Qb7 31. f3 Rxc1 32. Nxc1 Rc2+ 33. Ne2 Qd5 34. Rf2 Rxb2 35. Nc3 Rxf2+ 36. Qxf2 Qxf3 37. Qxh4 Qxc3 38. Qd8+ Kh7 39. Qe7 Qd2+ 40. Kg3 Qe3+ 41. Kg4 h5+ 0-1